000 00812nam a22002651 4500
001 20151
003 CZ PrNK
005 20260117124739.0
008 980810s1981 xo c g 001 0dslo
040 _aABA001
_bcze
_cABA001
_dABA001
072 7 _a82
_xLiteratura. Literární život
_2Konspekt
080 _a82
_2MRF
080 _a(035)
_2MRF
245 0 0 _aLiterárna rukoväť /
_cJozef Minárik ... [et al.]
250 _a2. vyd.
260 _aBratislava :
_bSlovenské pedagogické nakladateľstvo,
_c1981
300 _a415 s. :
_bil. ;
_c20 cm
504 _aObsahuje bibliografie
650 0 7 _asvětová literatura
_2czenas
650 0 7 _adějiny světové literatury
_2czenas
655 7 _apříručky
_2czenas
700 1 _aMinárik, Jozef,
_d1922-2008
_4aut
910 _aABA001
942 _2ddc
_cOLDO
_n0
999 _c20151
_d20151